00627nam a2200169Ia 450000500170000000800410001702000180005808200220007610000220009824500220012026000360014230000120017865000130019094200070020399900190021095202280022920250522135929.0231217s9999 xx 000 0 und d a9780815344469 a572.636 WIL;1 R aWilliamson, Mike. 0aHow proteins work c2012bGarland ScienceaNew York axv, 464 aproteins cAA c193339d193339 r2024-01-26 00:00:00l0o572.636 WIL;1 Rp80300W25udigital/contents/80300.pdfv2925.60w2024-01-26yAA1040708CL00KBR-325L01/07/2013aMLbMLcCLd2012-01-04eRoyal Bibliomang46.00EBT/PGGPOUNDF84.8V11.5URupees